000 01085cam a2200265 i 4500
003 SA-RiAUC
005 20241211071405.0
008 241210s1994 su g 00000 ara c
040 _aSA-RiAUC
_bara
_cSA-RiAUC
_erda
082 0 4 _a253.8
_qSA-RiAUC
090 _a253.8
_bد ر ع
100 1 _aالدرعان، عبد الله بن عبد العزيز.
_eمؤلف.
245 1 0 _aأحكام الشفعة في الفقه الإسلامي :
_bدراسة مقارنة بالقانون الوصفي /
_cعبد الله بن عبد العزيز الدرعان.
250 _aالطبعة الأولى.
264 1 _aالرياض :
_bمكتبة التوبة،
_c1994
300 _a408 صفحة ؛
_c25 سم
336 _aنص
_btxt
_2rdacontent
_3كتاب
337 _aبدون وسيط
_bn
_2rdamedia
338 _aمجلد
_bnc
_2rdacarrier
650 7 _aالأخلاق التجارية
_2aucsh
650 7 _aالشفعة (فقه إسلامي)
_2aucsh
650 7 _aالمعاملات (فقه إسلامي)
_2aucsh
942 _2ddc
_cBOOK
_n0
949 _aSA-JeALM
_d241210
_umohamedma123
_n1
999 _c3303
_d3303